<?xml version="1.0" encoding="UTF-8"?>
<record
    xmlns:xsi="http://www.w3.org/2001/XMLSchema-instance"
    xsi:schemaLocation="http://www.loc.gov/MARC21/slim http://www.loc.gov/standards/marcxml/schema/MARC21slim.xsd"
    xmlns="http://www.loc.gov/MARC21/slim">

  <leader>01417nam a22002537a 4500</leader>
  <controlfield tag="005">20080616160317.0</controlfield>
  <controlfield tag="008">080616t        xxu||||| |||| 00| 0 hin d</controlfield>
  <datafield tag="010" ind1=" " ind2=" ">
    <subfield code="a">HIN-83515</subfield>
  </datafield>
  <datafield tag="020" ind1=" " ind2=" ">
    <subfield code="c">550.00</subfield>
    <subfield code="a">9788175413375</subfield>
  </datafield>
  <datafield tag="035" ind1=" " ind2=" ">
    <subfield code="a">HN-55861</subfield>
  </datafield>
  <datafield tag="037" ind1=" " ind2=" ">
    <subfield code="b">DBAD / PUB</subfield>
  </datafield>
  <datafield tag="040" ind1=" " ind2=" ">
    <subfield code="a">DPL</subfield>
    <subfield code="b">HN</subfield>
  </datafield>
  <datafield tag="082" ind1=" " ind2=" ">
    <subfield code="a">370.114 / &#x91C;&#x948;&#x936;&#x94D;&#x930;&#x940;&#x92E;&#x942;</subfield>
  </datafield>
  <datafield tag="100" ind1=" " ind2=" ">
    <subfield code="a">&#x91C;&#x948;&#x936;&#x94D;&#x930;&#x940;</subfield>
  </datafield>
  <datafield tag="245" ind1=" " ind2=" ">
    <subfield code="a">&#x92E;&#x942;&#x932;&#x94D;&#x92F;, &#x92A;&#x930;&#x94D;&#x92F;&#x93E;&#x935;&#x930;&#x923; &#x914;&#x930; &#x92E;&#x93E;&#x928;&#x935; &#x905;&#x927;&#x93F;&#x915;&#x93E;&#x930; &#x915;&#x940; &#x936;&#x93F;&#x915;&#x94D;&#x937;&#x93E; /</subfield>
    <subfield code="c">&#x91C;&#x948;&#x936;&#x94D;&#x930;&#x940;</subfield>
  </datafield>
  <datafield tag="246" ind1=" " ind2=" ">
    <subfield code="a">Mulya, paryavarn aur manav adhikar kee shiksha</subfield>
    <subfield code="b">Jaisree</subfield>
  </datafield>
  <datafield tag="250" ind1=" " ind2=" ">
    <subfield code="a">2&#x930;&#x93E; &#x938;&#x902;&#x938;&#x94D;&#x915;</subfield>
  </datafield>
  <datafield tag="260" ind1=" " ind2=" ">
    <subfield code="a">&#x926;&#x93F;&#x932;&#x94D;&#x932;&#x940;</subfield>
    <subfield code="b">&#x936;&#x93F;&#x92A;&#x94D;&#x930;&#x93E; &#x92A;&#x92C;&#x94D;&#x932;&#x93F;&#x915;&#x947;&#x936;&#x928;&#x94D;&#x938;</subfield>
    <subfield code="c">2007</subfield>
  </datafield>
  <datafield tag="270" ind1=" " ind2=" ">
    <subfield code="a">115-&#x90F;, &#x935;&#x93F;&#x915;&#x93E;&#x938; &#x92E;&#x93E;&#x930;&#x94D;&#x917;, &#x936;&#x902;&#x915;&#x930;&#x92A;&#x941;&#x930;</subfield>
    <subfield code="b">&#x926;&#x93F;&#x932;&#x94D;&#x932;&#x940;</subfield>
    <subfield code="e">110092</subfield>
    <subfield code="k">91 11 65277210, 22500954</subfield>
    <subfield code="l">22458662</subfield>
    <subfield code="m">info@shiprapublication.com</subfield>
  </datafield>
  <datafield tag="300" ind1=" " ind2=" ">
    <subfield code="a">112&#x92A;&#x943;</subfield>
    <subfield code="c">22&#x938;&#x947;&#x92E;&#x940;(&#x938;&#x91C;&#x93F;&#x932;&#x94D;&#x926;)</subfield>
  </datafield>
  <datafield tag="500" ind1=" " ind2=" ">
    <subfield code="a">&#x907;&#x938; &#x92A;&#x941;&#x938;&#x94D;&#x924;&#x915; &#x915;&#x93E; &#x92A;&#x939;&#x932;&#x93E; &#x938;&#x902;&#x938;&#x94D;&#x915;&#x930;&#x923; 21.5.07 &#x915;&#x94B; &#x92A;&#x94D;&#x930;&#x93E;&#x92A;&#x94D;&#x924; &#x939;&#x941;&#x906; &#x964;</subfield>
  </datafield>
  <datafield tag="942" ind1=" " ind2=" ">
    <subfield code="c">HN</subfield>
    <subfield code="2">ddc</subfield>
    <subfield code="h">370.114 </subfield>
    <subfield code="m"> &#x91C;&#x948;&#x936;&#x94D;&#x930;&#x940;&#x92E;&#x942;</subfield>
  </datafield>
  <datafield tag="999" ind1=" " ind2=" ">
    <subfield code="c">13722</subfield>
    <subfield code="d">13722</subfield>
  </datafield>
  <datafield tag="952" ind1=" " ind2=" ">
    <subfield code="0">0</subfield>
    <subfield code="1">0</subfield>
    <subfield code="4">0</subfield>
    <subfield code="7">1</subfield>
    <subfield code="8">NFIC</subfield>
    <subfield code="a">DBAD</subfield>
    <subfield code="b">DBAD</subfield>
    <subfield code="d">2008-06-16</subfield>
    <subfield code="e">&#x92A;&#x941;.&#x92A;&#x94D;&#x930;.&#x905;.&#x92A;&#x94D;&#x930; /&#x92A;&#x94D;&#x930;&#x915;&#x93E;</subfield>
    <subfield code="g">550.00</subfield>
    <subfield code="l">0</subfield>
    <subfield code="o">370.114  &#x91C;&#x948;&#x936;&#x94D;&#x930;&#x940;&#x92E;&#x942;</subfield>
    <subfield code="p">HN-55861</subfield>
    <subfield code="r">2008-09-15 00:00:00</subfield>
    <subfield code="t">1</subfield>
    <subfield code="v">550.00</subfield>
    <subfield code="w">2008-09-15</subfield>
    <subfield code="y">HN</subfield>
  </datafield>
</record>
